000 00625 a2200181 4500
005 20240506145833.0
010 _aENG-140301
020 _a9789392568527
_c400.00
035 _aEN-123833
037 _bDBAD
082 1 4 _a371.1024
100 1 _aGupta Tanuja
_965779
245 1 _aEffect Of Some Personality Factors And Burnoutness Of The Professional Adjustment Of School Teachers/
_cBy Tanuja Gupta
260 _aRaipur
_bAditi Publication
_c2023
270 _aOpp.New Panchajanya Vidya Mandir, Near Tiranga Chock,
_bChhattisgarh
300 _axxiiip.
_c20cm(Hb)
942 _adpl
_cEN
_2ddc
_h371.1024
_mGUP
999 _c202701
_d202701